[Event "ESP-chT CECLUB Div2"]
[Site "Linares"]
[Date "2023.08.15"]
[Round "3.33"]
[White "Rodriguez Garcia, Carlos"]
[Black "Perdomo Araujo, Angel Eduardo"]
[Result "1-0"]
[WhiteElo "2149"]
[BlackElo "2003"]
[PlyCount "91"]
[EventDate "2023.08.13"]
[EventType "team-swiss"]
[EventRounds "7"]
[EventCountry "ESP"]
[SourceTitle "EXT 2024"]
[Source "ChessBase"]
[SourceDate "2023.10.10"]
[SourceVersion "1"]
[SourceVersionDate "2023.10.10"]
[SourceQuality "1"]
[WhiteTeam "Promesas de Valladolid"]
[BlackTeam "Villalba 64 Miscasa"]
[WhiteTeamCountry "ESP"]
[BlackTeamCountry "ESP"]

1. e4 d5 2. exd5 Qxd5 3. Nc3 Qd6 4. d4 Nf6 5. Nf3 a6 6. g3 Bg4 7. Bg2 Nc6 8. Bf4 Qb4 9. a3 Qc4 10. Bxc7 Nxd4 11. Qxd4 Qxc7 12. Ne5 Rd8 13. Qa4+ Bd7 14. Nxd7 Rxd7 15. 0-0 e6 16. Rad1 Kd8 17. Rxd7+ Nxd7 18. Rd1 Kc8 19. Ne4 Be7 20. Rd3 Nb6 21. Qd4 e5 22. Qe3 Kb8 23. Rc3 Qd8 24. Qf3 Qd5 25. Rd3 Qc6 26. Rc3 Qd5 27. Rd3 Qc6 28. Qxf7 Qxc2 29. Qxg7 Qxd3 30. Qxh8+ Ka7 31. Qxe5 Qd1+ 32. Bf1 Bd8 33. Qd6 Qe1 34. Qxd8 Qxe4 35. Qd3 Qe7 36. b4 h6 37. Qd4 Qe6 38. b5 axb5 39. Bxb5 Qb3 40. a4 Qb1+ 41. Kg2 Qa2 42. h4 h5 43. Qc5 Qa1 44. Be8 Ka6 45. Qb5+ Ka7 46. Qa5+ 1-0

[Event "Pontevedra op 4th"]
[Site "Pontevedra"]
[Date "2015.12.28"]
[Round "4"]
[White "Cabezas Ayala, Ivan"]
[Black "Rodriguez Garcia, Carlos"]
[Result "1-0"]
[WhiteElo "2321"]
[BlackElo "2168"]
[PlyCount "101"]
[EventDate "2015.12.26"]
[EventType "swiss"]
[EventRounds "9"]
[EventCountry "ESP"]
[SourceTitle "CBM 170 Extra"]
[Source "ChessBase"]
[SourceDate "2016.02.25"]
[SourceVersion "1"]
[SourceVersionDate "2016.02.25"]
[SourceQuality "1"]

1. e4 e6 2. d4 d5 3. Nc3 Nf6 4. e5 Nfd7 5. f4 c5 6. Nf3 Nc6 7. Be3 Qb6 8. Na4 Qa5+ 9. c3 cxd4 10. b4 Qc7 11. Nxd4 Nxd4 12. Bxd4 a6 13. Bd3 b5 14. Nb2 Nb6 15. a4 Nc4 16. Qe2 Bb7 17. 0-0 g6 18. axb5 axb5 19. Rxa8+ Bxa8 20. Ra1 Bb7 21. Nxc4 bxc4 22. Bb1 Bh6 23. g3 0-0 24. Ra7 Ra8 25. Qa2 Rxa7 26. Qxa7 Qd7 27. h4 Bc6 28. Bc2 Qxa7 29. Bxa7 Bg7 30. Kf2 f6 31. Bb8 fxe5 32. Bxe5 Bf8 33. Ke3 Kf7 34. Kd4 Ke8 35. g4 Kf7 36. f5 exf5 37. gxf5 Be7 38. fxg6+ hxg6 39. Bg3 Kg7 40. Bd1 Kf7 41. Bf3 Ke6 42. Bg4+ Kf7 43. Bc8 Ba8 44. Be1 Bd6 45. b5 Ke7 46. Bd2 Bg3 47. b6 Bxh4 48. b7 Bxb7 49. Bxb7 Kd6 50. Bf4+ Ke7 51. Bxd5 1-0

[Event "Villa Navarrete"]
[Site "Navarrete"]
[Date "2013.09.05"]
[Round "1.2"]
[White "Rodriguez Garcia, Carlos"]
[Black "Gamarra, Jose Antonio"]
[Result "1-0"]
[WhiteElo "1996"]
[BlackElo "1604"]
[PlyCount "75"]
[EventDate "2013.09.05"]
[EventType "swiss"]
[EventRounds "5"]
[EventCountry "ESP"]
[SourceTitle "EXT 2024"]
[Source "ChessBase"]
[SourceDate "2023.10.10"]
[SourceVersion "1"]
[SourceVersionDate "2023.10.10"]
[SourceQuality "1"]

1. e4 e5 2. Nf3 Nc6 3. Bb5 a6 4. Ba4 Nf6 5. d3 b5 6. Bb3 Be7 7. 0-0 0-0 8. c3 d6 9. Re1 Na5 10. Bc2 c5 11. Nbd2 Nc6 12. Nf1 Qc7 13. Be3 Ng4 14. d4 Nxe3 15. Nxe3 cxd4 16. cxd4 Bf6 17. d5 Ne7 18. Rc1 Bd7 19. Bd3 Qa5 20. Qd2 Qxd2 21. Nxd2 Rfc8 22. b4 Rxc1 23. Rxc1 Rc8 24. Rxc8+ Nxc8 25. a4 Bd8 26. axb5 axb5 27. Nb1 Bg5 28. Nd1 Bc1 29. Kf1 g6 30. Ke2 f5 31. f3 Kf7 32. Ndc3 Na7 33. Kd1 Bb2 34. Ne2 Kf6 35. Kc2 Ba1 36. Nd2 fxe4 37. Bxe4 Bf5 38. Nb3 1-0

[Event "Benasque op 33rd"]
[Site "Benasque"]
[Date "2013.07.04"]
[Round "1"]
[White "Rodriguez Garcia, Carlos"]
[Black "Ni, Hua"]
[Result "0-1"]
[WhiteElo "1992"]
[BlackElo "2661"]
[PlyCount "56"]
[EventDate "2013.07.04"]
[EventType "swiss"]
[EventRounds "10"]
[EventCountry "ESP"]
[SourceTitle "CBM 155 Extra"]
[Source "ChessBase"]
[SourceDate "2013.08.26"]
[SourceVersion "1"]
[SourceVersionDate "2013.08.26"]
[SourceQuality "1"]

1. e4 e6 2. d4 d5 3. exd5 exd5 4. Bd3 Bd6 5. Qf3 Nf6 6. h3 0-0 7. Ne2 c5 8. dxc5 Bxc5 9. Be3 Bxe3 10. Qxe3 Re8 11. Qf3 Qb6 12. 0-0 Nc6 13. Nbc3 Ne5 14. Qg3 d4 15. Nb5 Nh5 16. Qh4 Nxd3 17. Qxh5 g6 18. Qf3 Ne5 19. Qd5 Bxh3 20. Nbxd4 Bg4 21. f3 Bd7 22. Qb3 Qc5 23. Qc3 Nc4 24. b4 Qc7 25. Rad1 Rac8 26. Rd3 Qb6 27. Qe1 Bf5 28. Rb3 Bxc2 0-1

[Event "Benidorm Nuevas Generaciones op 7th"]
[Site "Benidorm"]
[Date "2011.12.08"]
[Round "2.3"]
[White "Rodriguez Garcia, Carlos"]
[Black "Suarez Garcia, Carlos"]
[Result "0-1"]
[WhiteElo "1826"]
[BlackElo "2250"]
[PlyCount "86"]
[EventDate "2011.12.07"]
[EventType "swiss"]
[EventRounds "7"]
[EventCountry "ESP"]
[SourceTitle "EXT 2015"]
[Source "ChessBase"]
[SourceDate "2014.11.20"]
[SourceVersion "1"]
[SourceVersionDate "2014.11.20"]
[SourceQuality "1"]

1. e4 c5 2. Nf3 a6 3. d4 cxd4 4. Nxd4 Nf6 5. Nc3 e5 6. Nb3 Bb4 7. Qd3 d5 8. a3 Bxc3+ 9. Qxc3 0-0 10. exd5 Nxd5 11. Qg3 Bf5 12. c4 Nf4 13. Bxf4 exf4 14. Qxf4 Re8+ 15. Be2 Bd3 16. 0-0-0 Rxe2 17. Nc5 Rc2+ 18. Kb1 Rxf2+ 19. Rxd3 Qxd3+ 20. Nxd3 Rxf4 21. Nxf4 Nd7 22. b4 Ne5 23. Rc1 Rd8 24. c5 f6 25. Rc2 Kf7 26. Ka2 g5 27. Ne2 Ng4 28. Ng3 Kg6 29. h3 Ne3 30. Re2 Rd3 31. Nh1 Nc4 32. Re7 Rxa3+ 33. Kb1 Rb3+ 34. Kc2 Rxb4 35. Kc3 a5 36. Re4 Nb6 37. Rxb4 Nd5+ 38. Kc4 Nxb4 39. Nf2 Kf5 40. Kb5 Nc6 41. Kb6 a4 42. Nd3 Ke4 43. Nc1 Kd4 0-1

[Event "ESP-ch Autonomicas"]
[Site "Gijon"]
[Date "2011.05.02"]
[Round "6.5"]
[White "Moya Mallafre, Erik"]
[Black "Rodriguez Garcia, Carlos"]
[Result "1-0"]
[WhiteElo "1997"]
[BlackElo "1755"]
[PlyCount "69"]
[EventDate "2011.04.29"]
[EventType "team-swiss"]
[EventRounds "6"]
[EventCountry "ESP"]
[SourceTitle "CBM 142 Extra"]
[Source "ChessBase"]
[SourceDate "2011.06.27"]
[SourceVersion "1"]
[SourceVersionDate "2011.06.27"]
[SourceQuality "1"]
[WhiteTeam "La Rioja"]
[BlackTeam "Castilla y Leon"]
[WhiteTeamCountry "ESP"]
[BlackTeamCountry "ESP"]

1. Nf3 f5 2. e4 fxe4 3. Ng5 d5 4. d3 e3 5. Bxe3 Nf6 6. d4 Bg4 7. Qd3 Nc6 8. h3 Bc8 9. Be2 e5 10. dxe5 Nxe5 11. Qb3 Bd6 12. Nc3 c6 13. 0-0-0 0-0 14. f4 Ng6 15. g3 b5 16. h4 h6 17. h5 Ne7 18. Nge4 Nf5 19. Bf2 a5 20. Nxf6+ Qxf6 21. Ne4 Qe6 22. Nxd6 Qxd6 23. Qc3 b4 24. Qc5 Qxc5 25. Bxc5 Re8 26. Bf3 Nxg3 27. Rhg1 Ne2+ 28. Bxe2 Rxe2 29. Bd4 Bf5 30. Rxg7+ Kf8 31. Rdg1 Rxc2+ 32. Kd1 Re8 33. Rg8+ Ke7 34. R1g7+ Kd8 35. Bf6+ 1-0

[Event "ESP-ch Autonomicas"]
[Site "Gijon"]
[Date "2011.04.30"]
[Round "3.5"]
[White "Rodriguez Garcia, Carlos"]
[Black "Baragano Campa, David"]
[Result "0-1"]
[WhiteElo "1755"]
[BlackElo "2175"]
[PlyCount "62"]
[EventDate "2011.04.29"]
[EventType "team-swiss"]
[EventRounds "6"]
[EventCountry "ESP"]
[SourceTitle "CBM 142 Extra"]
[Source "ChessBase"]
[SourceDate "2011.06.27"]
[SourceVersion "1"]
[SourceVersionDate "2011.06.27"]
[SourceQuality "1"]
[WhiteTeam "Castilla y Leon"]
[BlackTeam "Asturias"]
[WhiteTeamCountry "ESP"]
[BlackTeamCountry "ESP"]

1. e4 c5 2. Nf3 e6 3. Nc3 Nc6 4. d4 cxd4 5. Nxd4 Qc7 6. Be3 a6 7. Be2 Nf6 8. a3 b5 9. 0-0 Bb7 10. f4 d6 11. Bf3 Na5 12. Bf2 Be7 13. a4 b4 14. Na2 Nxe4 15. Nxb4 d5 16. Bxe4 dxe4 17. Qd2 e3 18. Bxe3 Nc4 19. Qc3 Bxb4 20. Qxb4 Nxe3 21. Rf2 Nd5 22. Qa3 Qe7 23. Qg3 Qf6 24. c3 0-0 25. Nb3 Rac8 26. Na5 Ba8 27. Qd3 Nxf4 28. Qf1 e5 29. g3 Qg6 30. Nc4 Qe4 31. Nxe5 Qh1# 0-1

[Event "ESP-ch U14"]
[Site "Linares"]
[Date "2010.07.18"]
[Round "9"]
[White "Calle Moreau, Sergio"]
[Black "Rodriguez Garcia, Carlos"]
[Result "1-0"]
[WhiteElo "1897"]
[BlackElo "1752"]
[PlyCount "65"]
[EventDate "2010.07.13"]
[EventType "swiss"]
[EventRounds "9"]
[EventCountry "ESP"]
[SourceTitle "CBM 137 Extra"]
[Source "ChessBase"]
[SourceDate "2010.09.01"]
[SourceVersion "1"]
[SourceVersionDate "2010.09.01"]
[SourceQuality "1"]

1. e4 e6 2. Nf3 d5 3. Nc3 Nf6 4. exd5 exd5 5. d4 Bf5 6. Bd3 Bxd3 7. Qxd3 Bd6 8. Bg5 c6 9. 0-0 0-0 10. Rfe1 Nbd7 11. Re2 h6 12. Bh4 Qc7 13. Rae1 Rfe8 14. Bg3 Bxg3 15. hxg3 Nf8 16. Ne5 Re6 17. Re3 Rae8 18. Ne2 Ne4 19. Nf4 R6e7 20. c4 Nf6 21. c5 Ne4 22. b4 Nd7 23. Nxd7 Qxd7 24. Qa3 a6 25. Nd3 f6 26. Nf4 Nd2 27. Qd3 Nc4 28. Rxe7 Rxe7 29. Rxe7 Qxe7 30. Kf1 Nb2 31. Qf5 Kf7 32. Qg6+ Kf8 33. Qc2 1-0

[Event "Mondariz op 5th"]
[Site "Mondariz"]
[Date "2007.08.25"]
[Round "1"]
[White "Rodriguez Garcia, Carlos"]
[Black "Frois, Antonio"]
[Result "0-1"]
[WhiteElo "1521"]
[BlackElo "2342"]
[PlyCount "82"]
[EventDate "2007.08.25"]
[EventType "swiss"]
[EventRounds "9"]
[EventCountry "ESP"]
[SourceTitle "CBM 120 Extra"]
[Source "ChessBase"]
[SourceDate "2007.11.01"]
[SourceVersion "1"]
[SourceVersionDate "2007.11.01"]
[SourceQuality "1"]

1. e4 d6 2. d4 Nf6 3. Nc3 g6 4. Nf3 Bg7 5. Bf4 0-0 6. Be2 a6 7. 0-0 b5 8. Qd2 Bb7 9. Bd3 Nbd7 10. Rfe1 c5 11. dxc5 Nxc5 12. Rad1 b4 13. Nd5 Nxd5 14. exd5 Nxd3 15. Qxd3 Bxb2 16. Qb3 Bc3 17. Bd2 Bf6 18. Bxb4 Qc7 19. Ba3 Rab8 20. Qd3 Rbc8 21. Re2 a5 22. Bc1 Qc4 23. Qxc4 Rxc4 24. Bg5 Rfc8 25. Bxf6 exf6 26. Ne1 R8c5 27. Red2 Ra4 28. Rd4 Rxa2 29. c4 Ba6 30. Rc1 Ra4 31. Nd3 Rcxc4 32. Rdxc4 Rxc4 33. Rxc4 Bxc4 34. Nf4 a4 35. h3 a3 36. Kh2 a2 37. Kg3 a1Q 38. h4 Qd4 39. Kf3 g5 40. hxg5 fxg5 41. Nh5 Be2+ 0-1

[Event "ESP-ch U12"]
[Site "Linares"]
[Date "2007.07.08"]
[Round "2"]
[White "Fernandez Lledo, Javier"]
[Black "Rodriguez Garcia, Carlos"]
[Result "1-0"]
[WhiteElo "1955"]
[BlackElo "1521"]
[PlyCount "61"]
[EventDate "2007.07.08"]
[EventType "swiss"]
[EventRounds "9"]
[EventCountry "ESP"]
[SourceTitle "EXT 2008"]
[Source "ChessBase"]
[SourceDate "2007.11.25"]
[SourceVersion "1"]
[SourceVersionDate "2007.11.25"]
[SourceQuality "1"]

1. e4 e5 2. Nf3 Nc6 3. d4 exd4 4. Nxd4 Nf6 5. Nxc6 bxc6 6. Nc3 Bb4 7. Bd3 Qe7 8. 0-0 0-0 9. Bg5 Qe6 10. Qe2 d5 11. Bxf6 Qxf6 12. exd5 Bxc3 13. bxc3 cxd5 14. Qh5 h6 15. Qxd5 Bg4 16. Qe4 Qg6 17. Qxa8 Rxa8 18. Bxg6 fxg6 19. Rfe1 Bf5 20. Re7 c6 21. Rb1 Rd8 22. h3 Bxc2 23. Rbb7 a6 24. Rxg7+ Kf8 25. Rbf7+ Ke8 26. Rg8+ Kxf7 27. Rxd8 Ke7 28. Rd2 Ba4 29. c4 Ke6 30. Kf1 Ke5 31. Ke2 1-0